<?xml version="1.0" encoding="UTF-8"?><?xml-stylesheet type="text/xsl" href="static/style.xsl"?><OAI-PMH xmlns="http://www.openarchives.org/OAI/2.0/" xmlns:xsi="http://www.w3.org/2001/XMLSchema-instance" xsi:schemaLocation="http://www.openarchives.org/OAI/2.0/ http://www.openarchives.org/OAI/2.0/OAI-PMH.xsd"><responseDate>2026-06-30T04:08:40Z</responseDate><request verb="GetRecord" identifier="oai:riubu.ubu.es:10259/10096" metadataPrefix="marc">https://riubu.ubu.es/oai/request</request><GetRecord><record><header><identifier>oai:riubu.ubu.es:10259/10096</identifier><datestamp>2025-02-03T10:21:28Z</datestamp><setSpec>com_10259.4_2548</setSpec><setSpec>com_10259_5086</setSpec><setSpec>com_10259_2604</setSpec><setSpec>col_10259_8569</setSpec></header><metadata><record xmlns="http://www.loc.gov/MARC21/slim" xmlns:doc="http://www.lyncode.com/xoai" xmlns:xsi="http://www.w3.org/2001/XMLSchema-instance" xmlns:dcterms="http://purl.org/dc/terms/" xsi:schemaLocation="http://www.loc.gov/MARC21/slim http://www.loc.gov/standards/marcxml/schema/MARC21slim.xsd">
<leader>00925njm 22002777a 4500</leader>
<datafield tag="042" ind1=" " ind2=" ">
<subfield code="a">dc</subfield>
</datafield>
<datafield tag="720" ind1=" " ind2=" ">
<subfield code="a">Fernández de Mata, Ignacio</subfield>
<subfield code="e">author</subfield>
</datafield>
<datafield tag="260" ind1=" " ind2=" ">
<subfield code="c">2021</subfield>
</datafield>
<datafield tag="520" ind1=" " ind2=" ">
<subfield code="a">La vida universitaria ha sido objeto de múltiples estudios atendiendo&#xd;
a su carácter sapiencial, a las posibilidades de promoción social que&#xd;
ofrecía y un mundo perdulario de grandes desmanes y desórdenes&#xd;
a través de las prácticas estudiantiles, de entre las que destacan ampliamente las novatadas.&#xd;
Los historiadores de la vida estudiantil suelen interpretar las novatadas como elementos consustanciales a la identidad universitaria,&#xd;
cuando no como auténticos ritos de paso. Esta práctica sería una&#xd;
especie de salvaje traslación al mundo de los estudiantes del carácter autónomo de la institución, cuya máxima expresión era su privilegiada independencia judicial. De hecho, el fuero universitario&#xd;
constituye el principal valedor de la excepcionalidad estudiantil.&#xd;
Sus tribunales, tan habitualmente livianos en la aplicación de penas&#xd;
y castigos, dieron plena satisfacción del privilegio a sus aforados.</subfield>
</datafield>
<datafield tag="024" ind2=" " ind1="8">
<subfield code="a">978-84-17979-11-9</subfield>
</datafield>
<datafield tag="024" ind2=" " ind1="8">
<subfield code="a">978-84-18392-24-5</subfield>
</datafield>
<datafield tag="024" ind2=" " ind1="8">
<subfield code="a">http://hdl.handle.net/10259/10096</subfield>
</datafield>
<datafield tag="245" ind1="0" ind2="0">
<subfield code="a">El maltrato estudiantil y sus sustratos culturales</subfield>
</datafield>
</record></metadata></record></GetRecord></OAI-PMH>